00977nam a2200265 a 450000100060000000300080000600500170001400800410003102000430007203500190011504000270013404100080016108200360016924501680020526000520037330000280042550400510045350500150050465000190051965000430053865000410058170000210062271000350064383000330067873364BD-RjUL20211209082403.0170530s1992 ii a b f001 0 eng d c: Inland: IRs. 75.00 ; Foreign: $ 6.00 a(BD-RjUL)73582 aDLCcDLCbengdBD-RjUL aeng00223a590.7230954bREC Pt.-1 199202aRecords of the Zoological Survey of India: bA check-list of the scale insects & mealybugs of South Asia /cby R.K. Varshney ; edited by Zoological Survey of India aCalcutta :bZoological Survey of India,cc1992. a pt. :bill. ;c24 cm. aIncludes bibliographical references and index.0 a Pt. -1 -- 0ascale insects. 0aMealybugszSouth AsiaxClassification. 0aZoologyxDescriptive ResearchzIndia aVarshney, R. K.  aZoological Survey of India, ed aOccasional paper ;vno. 139.